000 00369nam a22001697a 4500
005 20260615154942.0
020 _a9789351611967
041 _aEnglish
082 _a001 R25 GIR
100 _aGirotra Tanu
245 _aSoft Skills for the Trainers
250 _a01
260 _aNew Delhi
_bSultan Chand
_c2025
300 _a125
365 _b200.00
942 _cBK
999 _c177829
_d177829